<?xml version="1.0" encoding="UTF-8"?>
<collection xmlns:xsi="http://www.w3.org/2001/XMLSchema-instance" xsi:schemaLocation="http://www.loc.gov/MARC21/slim http://www.loc.gov/standards/marcxml/schema/MARC21slim.xsd" xmlns="http://www.loc.gov/MARC21/slim">
 <record>
  <leader>00000cam a22000004a 4500</leader>
  <controlfield tag="001">UP-99796217604720373</controlfield>
  <controlfield tag="003">Buklod</controlfield>
  <controlfield tag="005">20230503092542.0</controlfield>
  <controlfield tag="006">a     r     000 0 </controlfield>
  <controlfield tag="007">ta</controlfield>
  <controlfield tag="008">050530s2004    xx      r    |||| u|eng d</controlfield>
  <datafield tag="020" ind1=" " ind2=" ">
   <subfield code="a">9712714942</subfield>
  </datafield>
  <datafield tag="035" ind1=" " ind2=" ">
   <subfield code="a">(iLib)UPD-00000279996</subfield>
  </datafield>
  <datafield tag="040" ind1=" " ind2=" ">
   <subfield code="a">DML</subfield>
  </datafield>
  <datafield tag="041" ind1="0" ind2=" ">
   <subfield code="a">eng</subfield>
  </datafield>
  <datafield tag="042" ind1=" " ind2=" ">
   <subfield code="a">DMLUC</subfield>
  </datafield>
  <datafield tag="090" ind1=" " ind2=" ">
   <subfield code="a">PS 9992.4</subfield>
   <subfield code="b">W44 2004</subfield>
  </datafield>
  <datafield tag="245" ind1="0" ind2="0">
   <subfield code="a">When we were little (women)</subfield>
   <subfield code="c">edited by Rhona Lopa-Macasaet  and Patricia Esteban-Vergel de Dios.</subfield>
  </datafield>
  <datafield tag="264" ind1=" " ind2="1">
   <subfield code="a">Manila</subfield>
   <subfield code="b">Anvil</subfield>
   <subfield code="c">c2004.</subfield>
  </datafield>
  <datafield tag="300" ind1=" " ind2=" ">
   <subfield code="a">155 p.</subfield>
   <subfield code="b">ill.</subfield>
  </datafield>
  <datafield tag="505" ind1="0" ind2=" ">
   <subfield code="a">The birthday party / Xin Mei -- Ghosts / Rhona Lopa-Macasaet -- Blinkyface / Trickie Colayco-Lopa -- Scaredy cat / Patricia Esteban-Vergel de Dios -- The bible / Chichi Fadullon-Lizot -- My cousin, Mike / Gianna R. Montinola -- Loose vowels / Cecile Lopez-Lilles -- Rabitty / Lisa Ongpin-Periquet -- Almost perfect / Patricia Cruz-Bautista -- Puff / Gretchen Ocampo-Recto -- The dare / Chichi Fadullon-Lizot -- The Christmas of the golden bayong / Trickie Colayco-Lopa --Dumplings and noodles / Xin Mei -- Piano lessons / Rhona Lopa-Macasaet -- Bigay pira / Chichi Fadullon-Lizot -- Holy night / Giovanna Virata -- Rainy-day rituals / Patricia Cruz-Bautista -- Glad echoes / Maridol Sy-Quia-Mabanta -- A perfect afternoon / Giovanna Virata -- Flower power / Gianna R. Montinola -- Photo album.</subfield>
  </datafield>
  <datafield tag="591" ind1=" " ind2=" ">
   <subfield code="a">CSSP-8536f donated by Rhoel E. Rondilla, MLS 2003.</subfield>
  </datafield>
  <datafield tag="650" ind1=" " ind2="0">
   <subfield code="a">Children</subfield>
   <subfield code="v">Fiction.</subfield>
  </datafield>
  <datafield tag="650" ind1=" " ind2="0">
   <subfield code="a">Short stories, Philippine (English)</subfield>
  </datafield>
  <datafield tag="650" ind1=" " ind2="0">
   <subfield code="a">Women authors, Filipino</subfield>
   <subfield code="x">Childhood and youth.</subfield>
  </datafield>
  <datafield tag="700" ind1="1" ind2=" ">
   <subfield code="a">Macasaet, Rhona Lopa.</subfield>
  </datafield>
  <datafield tag="700" ind1="1" ind2=" ">
   <subfield code="a">Vergel de Dios, Patricia Esteban.</subfield>
  </datafield>
  <datafield tag="842" ind1=" " ind2=" ">
   <subfield code="a">Book</subfield>
  </datafield>
  <datafield tag="905" ind1=" " ind2=" ">
   <subfield code="a">FI</subfield>
  </datafield>
  <datafield tag="950" ind1=" " ind2=" ">
   <subfield code="a">Textual</subfield>
  </datafield>
  <datafield tag="852" ind1="0" ind2=" ">
   <subfield code="a">UPD</subfield>
   <subfield code="b">DMLF</subfield>
   <subfield code="h">PS 9992.4 W44 2004</subfield>
  </datafield>
  <datafield tag="852" ind1="0" ind2=" ">
   <subfield code="a">UPD</subfield>
   <subfield code="b">DMLS</subfield>
   <subfield code="h">PS 9992.4</subfield>
   <subfield code="i">W44 2004</subfield>
  </datafield>
  <datafield tag="942" ind1=" " ind2=" ">
   <subfield code="a">Book</subfield>
  </datafield>
 </record>
</collection>
